L'Espresso 1955-1980 : 25 anni /

সংরক্ষণ করুন:
গ্রন্থ-পঞ্জীর বিবরন
প্রধান লেখক: Rossetti, Serena (লেখক), Siciliano, Flaminia (লেখক)
অন্যান্য লেখক: Corbi, Gianni
বিন্যাস: গ্রন্থ
ভাষা:ইতালিয়
প্রকাশিত: [Roma] : L'Espresso, 1981
মালা:I libri de l'Espresso
বিষয়গুলি:
ট্যাগগুলো: ট্যাগ যুক্ত করুন
কোনো ট্যাগ নেই, প্রথমজন হিসাবে ট্যাগ করুন!

MARC

LEADER 00000nam a22000007i 4500
001 IT\ICCU\TO0\0376396
003 ItRI
005 20260115232346.0
008 960819s1981 it |||||| ||||| |||||c
015 |2 IT  |a 814863 
040 |b ita  |c importazione bologna sebina 
041 7 |a ita  |2 ISO-639-2 
082 |a 055.1  |9 Seriali e loro indici. In italiano.  |2 20 
100 1 |a Rossetti, Serena  |0 IT\ICCU\TO0V\173751  |4 aut 
245 1 2 |a L'Espresso 1955-1980 :  |b 25 anni /  |c redazione di Serena Rossetti ; con la collaborazione di Flaminia Siciliano ; testi di Gianni Corbi... [et al.]. 
246 1 3 |a 25 anni  |9 IT\ICCU\TO0\0376398 
260 |a [Roma] :  |b L'Espresso,  |c 1981 
300 |a 319 p. :  |b ill. ;  |c 31 cm. 
650 7 |a Espresso  |x Giornale  |x Storia  |2 scbi 
700 1 |a Siciliano, Flaminia  |0 IT\ICCU\RAVV\026068  |4 aut 
700 1 |a Corbi, Gianni  |0 IT\ICCU\CFIV\103959 
830 2 |a I libri de l'Espresso  |0 IT\ICCU\LO1\0018568 
942 |2 ddc  |c BK  |n 0 
952 |0 0  |1 0  |4 0  |6 DOC_070_175000000000000_ROS  |7 0  |9 24756  |a BO  |b BO  |d 2026-01-15  |i 16226  |l 0  |o DOC 070.175 ROS  |p BO16226  |r 2026-01-15 23:23:46  |w 2026-01-15  |x [Sebina 7] [1 v.]  |y BK  |z 1 v. 
999 |c 21043  |d 21043